Figurenzeichnen leichtgemacht
Uložené v:
| Hlavný autor: | |
|---|---|
| Médium: | Kniha |
| Jazyk: | German |
| Vydavateľské údaje: |
Berlin :
Taschen,
1991
|
| Vydanie: | 1. vyd. |
| Predmet: | |
| Tagy: |
Žiadne tagy, Buďte prvý, kto otaguje tento záznam!
|
MARC
| LEADER | 00000nam a22000003a 4500 | ||
|---|---|---|---|
| 001 | stu11208 | ||
| 005 | 20150617225802.0 | ||
| 008 | 950308s1991----gw------------------ger-d | ||
| 020 | |a 3-8228-8958-X | ||
| 040 | |a STU |b slo | ||
| 041 | 0 | |a ger | |
| 044 | |a gw | ||
| 100 | 1 | |a Hogarth, Burne |4 aut | |
| 245 | 1 | |a Figurenzeichnen leichtgemacht | |
| 250 | |a 1. vyd. | ||
| 260 | |a Berlin : |b Taschen, |c 1991 | ||
| 300 | |a 174 s | ||
| 650 | 7 | |a voľné výtvarné umenie |2 stusub | |
| 650 | 7 | |a kresba |2 stusub | |
| 996 | |b 284AU00248 |c A*3306 U |l AAKNAR |s A |a 24 |w stu11208_0001 | ||